Every Song by Avenged Sevenfold - Statistics

General Stats
  • This quiz has been taken 128 times
    46 since last reset
  • The average score is 55 of 114
Answer Stats
Album Song % Correct
Nightmare(2010) Nightmare
94%
Hail to the King(2013) Hail to the King
90%
Life is But a Dream...(2023) G
87%
Avenged Sevenfold(2007) A Little Piece of Heaven
84%
The Stage(2016) The Stage
84%
Avenged Sevenfold(2007) | Diamonds in the Rough(2008) Afterlife
81%
Avenged Sevenfold(2007) Almost Easy
81%
City of Evil(2005) Bat Country
77%
Avenged Sevenfold(2007) Dear God
77%
City of Evil(2005) Beast and the Harlot
74%
Avenged Sevenfold(2007) Gunslinger
74%
Nightmare(2010) So Far Away
74%
Nightmare(2010) Welcome to the Family
74%
Avenged Sevenfold(2007) Critical Acclaim
71%
City of Evil(2005) M.I.A.
71%
Avenged Sevenfold(2007) Scream
71%
City of Evil(2005) Seize the Day
71%
Waking the Fallen(2003) I Won't See You Tonight (Part 1)
68%
Waking the Fallen(2003) I Won't See You Tonight (Part 2)
68%
Non-Album(2026) Magic
68%
Life is But a Dream...(2023) Mattel
68%
City of Evil(2005) Trashed and Scattered
68%
Avenged Sevenfold(2007) Unbound (The Wild Ride)
68%
Waking the Fallen(2003) Unholy Confessions
68%
Avenged Sevenfold(2007) Brompton Cocktail
65%
Nightmare(2010) Danger Line
65%
Nightmare(2010) Fiction
65%
Life is But a Dream...(2023) Life is But a Dream
65%
Avenged Sevenfold(2007) Lost
65%
Nightmare(2010) Natural Born Killer
65%
Life is But a Dream...(2023) Nobody
65%
Nightmare(2010) Save Me
65%
Waking the Fallen(2003) Second Heartbeat
65%
Nightmare(2010) Victim
65%
Waking the Fallen(2003) Waking the Fallen
65%
Nightmare(2010) Buried Alive
61%
Nightmare(2010) God Hates Us
61%
Life is But a Dream...(2023) (O)rdinary
61%
Hail to the King(2013) Shepherd of Fire
61%
Waking the Fallen(2003) Chapter Four
58%
Life is But a Dream...(2023) (D)eath
58%
City of Evil(2005) Sidewinder
58%
Hail to the King(2013) Acid Rain
55%
City of Evil(2005) Burn It Down
55%
Hail to the King(2013) Crimson Day
55%
The Stage(2016) Exist
55%
Diamonds in the Rough(2008) Girl I Know
55%
Sounding the Seventh Trumpet(2001) Warmness on the Soul
55%
Life is But a Dream...(2023) We Love You
55%
City of Evil(2005) Betrayed
52%
City of Evil(2005) Blinded in Chains
52%
Diamonds in the Rough(2008) Demons
52%
Hail to the King(2013) Heretic
52%
Life is But a Dream...(2023) Cosmic
48%
Waking the Fallen(2003) Eternal Rest
48%
The Stage(2016) God Damn
48%
Hail to the King(2013) Requiem
48%
Hail to the King(Bonus)(2013) St. James
48%
City of Evil(2005) The Wicked End
48%
Hail to the King(2013) This Means War
48%
Waking the Fallen(2003) And All Things Will End
45%
The Stage(2016) Angels
45%
Life is But a Dream...(2023) Game Over
45%
The Best of 2005–2013(2016) Not Ready to Die
45%
Waking the Fallen(2003) Remenissions
45%
The Stage(2016) Roman Sky
45%
City of Evil(2005) Strength of the World
45%
Nightmare(2010) Tonight the World Dies
45%
The Best of 2005–2013(2016) Carry On
42%
Hail to the King(2013) Coming Home
42%
Diamonds in the Rough(2008) Crossroads
42%
Life is But a Dream...(2023) Easier
42%
The Stage(2016) Fermi Paradox
42%
Black Reign(2018) Mad Hatter
42%
The Stage(2016) Paradigm
42%
Hail to the King(2013) Planets
42%
Waking the Fallen(2003) Radiant Eclipse
42%
Nightmare(Bonus)(2010) Lost It All
39%
Waking the Fallen(2003) Clairvoyant Disease
35%
Diamonds in the Rough(2008) Dancing Dead
35%
Sounding the Seventh Trumpet(2001) Darkness Surrounding
35%
Hail to the King(2013) Doing Time
35%
Sounding the Seventh Trumpet(2001) Streets
35%
Sounding the Seventh Trumpet(2001) | Sounding the Seventh Trumpet(Bonus)(2001) To End the Rapture
35%
Life is But a Dream...(2023) Beautiful Morning
32%
Waking the Fallen(2003) Desecrate Through Reverence
32%
The Stage(2016) Sunny Disposition
32%
The Stage(2016) Creating God
29%
The Stage(Bonus)(2016) Dose
29%
The Stage(2016) Higher
29%
Black Reign(2018) Jade Helm
29%
Diamonds in the Rough(2008) Until the End
29%
Sounding the Seventh Trumpet(2001) Shattered by Broken Dreams
26%
Diamonds in the Rough(2008) Tension
26%
Sounding the Seventh Trumpet(2001) Lips of Deceit
23%
Diamonds in the Rough(Bonus)(2008) Set Me Free
23%
The Stage(2016) Simulation
23%
Sounding the Seventh Trumpet(2001) The Art of Subconscious Illusion
23%
Sounding the Seventh Trumpet(2001) We Come Out at Night
23%
Sounding the Seventh Trumpet(2001) An Epic of Time Wasted
19%
Diamonds in the Rough(2008) The Fight
19%
Sounding the Seventh Trumpet(2001) Thick and Thin
19%
Sounding the Seventh Trumpet(2001) Breaking Their Hold
16%
Sounding the Seventh Trumpet(2001) Forgotten Faces
16%
Sounding the Seventh Trumpet(2001) Turn the Other Way
16%
Live at the Grammy Museum(2017) As Tears Go By
13%
Live at the Grammy Museum(2017) Introduction to As Tears Go By
3%
Live at the Grammy Museum(2017) Introduction to Exist
3%
Live at the Grammy Museum(2017) Introduction to Hail to the King
3%
Live at the Grammy Museum(2017) Introduction to Roman Sky
3%
Live at the Grammy Museum(2017) Introduction to So Far Away
3%
Live at the Grammy Museum(2017) Opening
3%
No matching quizzes found
Score Distribution
Percent of People with Each Score
Percentile by Number Answered
Your Score History
You have not taken this quiz since the last reset